|
|
|
|
| LEADER |
00000nab a2200000 a 4500 |
| 001 |
vtls010722448 |
| 003 |
SK-MaSNL |
| 005 |
20260304185934.0 |
| 008 |
250709s1998 xo |||||||||||||||||slo| |
| 035 |
|
|
|a (urnnbn)urn:nbn:sk:snk:ar-a04sza
|
| 035 |
|
|
|a (uuid)c2a2a322-bcbe-46fb-82c3-62225fa2b0ef
|
| 035 |
|
|
|a urn:nbn:sk:snk-ab3n24
|
| 040 |
|
|
|a SNKBUCL
|b slo
|c SNKBUCL
|e AACR2
|
| 041 |
0 |
|
|a cze
|
| 044 |
|
|
|a xo
|c SK
|
| 100 |
1 |
|
|a Kuksa, František
|4 aut
|9 1520616
|
| 245 |
1 |
0 |
|a Mykoplazmová (enzootická) pneumonie - ekonomicky závažné onemocnění intenzivních chovů prasat
|c František Kuksa
|
| 773 |
0 |
|
|t Infovet : veterinársky odborno-informačný časopis
|g Roč. 5, č. 1 (1998), s. 19-21
|
| 850 |
|
|
|a Slovenská národná knižnica
|
| 852 |
|
|
|a Slovenská národná knižnica
|
| 954 |
|
|
|a odborná, vedecká literatúra cudzojazyčná (svetová)
|2 lita
|
| 958 |
|
|
|a article1
|
| 958 |
|
|
|a OND
|
| 958 |
|
|
|a EUIPO
|
| 999 |
|
|
|c 3047113
|d 3049043
|